00361nam a2200121Ia 4500008004100000020002200041041000800063082002100071100005400092245003300146260005100179300000900230230411s9999 xx 000 0 und d a978-93-88902-74-8 aeng aA/611/GAR/B09182 aGarg Krishna Mittal PS & Chandrupatta Mrudula Ed. aB D Chaurasias Human Anatomy bCBS Publishers & DistributorsaNew Delhic2020 a532p